000 01013nam a2200157 4500
999 _c5448
_d5448
020 _a9966226338
050 _aLB1027.5
_b.K15
100 _akasomo daniel
245 _atechniques of guidance and counselling made simple
_ckasomo daniel
260 _aNairobi, Kenya
_bThe Jomo Kenyatta foundation
_c2007
300 _avii,; 207pgs
_c21cm
500 _aInclude references
505 _aChapter 1. Meaning of counseling Chapter 2. Meeting the client Chapter 3. The work of the client Chapter 4. The non-verbal behaviour in counseling Chapter 5. Observing what the client is manifesting in counseling Chapter 6. Attending to Client in counseling Chapter 7. Getting interested by the client Chapter 8. Introspecting in counseling Chapter 9. Exploring in counseling Chapter 10. Re framing in counseling Chapter 11. Reorienting and initiating in counseling Chapter 12. Evaluating in counseling Chapter 13. Conclusion References
650 _aGuidance and counselling
942 _cBK